Аналитический расчет динамических характеристик одночервячной машины с коническим каналом червяка при переработке резиновой смеси; Известия Томского политехнического университета [Известия ТПУ]; Т. 309, № 5

Podrobná bibliografie
Parent link:Известия Томского политехнического университета [Известия ТПУ]/ Томский политехнический университет (ТПУ).— , 2000-
Т. 309, № 5.— 2006.— [С. 141-145]
Hlavní autor: Татарников А. А. Анатолий Алексеевич
Další autoři: Горбунов Д. Б.
Shrnutí:Заглавие с титульного листа
Электронная версия печатной публикации
Рассмотрены вопросы исследования динамических характеристик напорной зоны одночервячной машины. Разработана методика аналитического расчета временной характеристики напорной зоны одночервячной машины по каналу «питание напорной зоны - производительность машины». Проведена проверка применимости предложенной методики.
Jazyk:ruština
Vydáno: 2006
Edice:Технические науки
Témata:
On-line přístup:http://www.lib.tpu.ru/fulltext/v/Bulletin_TPU/2006/v309/i5/29.pdf
Médium: Elektronický zdroj Kapitola
KOHA link:https://koha.lib.tpu.ru/cgi-bin/koha/opac-detail.pl?biblionumber=171532

MARC

LEADER 00000nla2a2200000 4500
001 171532
005 20231031164015.0
035 |a (RuTPU)RU\TPU\book\185990 
035 |a RU\TPU\book\185984 
090 |a 171532 
100 |a 20091207d2006 k y0rusy50 ca 
101 0 |a rus 
102 |a RU 
135 |a drnn ---uucaa 
181 0 |a i  
182 0 |a b 
200 1 |a Аналитический расчет динамических характеристик одночервячной машины с коническим каналом червяка при переработке резиновой смеси  |b Электронный ресурс  |f А. А. Татарников, Д. Б. Горбунов 
203 |a Текст  |c электронный 
215 |a 1 файл (345 Кб) 
225 1 |a Технические науки 
230 |a Электронные текстовые данные (1 файл : 345 Кб) 
300 |a Заглавие с титульного листа 
300 |a Электронная версия печатной публикации 
320 |a [Библиогр.: с. 145 (11 назв.)] 
330 |a Рассмотрены вопросы исследования динамических характеристик напорной зоны одночервячной машины. Разработана методика аналитического расчета временной характеристики напорной зоны одночервячной машины по каналу «питание напорной зоны - производительность машины». Проведена проверка применимости предложенной методики. 
337 |a Adobe Reader 
461 1 |0 (RuTPU)RU\TPU\book\176237  |t Известия Томского политехнического университета [Известия ТПУ]  |f Томский политехнический университет (ТПУ)  |d 2000- 
463 1 |0 (RuTPU)RU\TPU\book\185932  |t Т. 309, № 5  |v [С. 141-145]  |d 2006  |p 276 с. 
610 1 |a аналитический расчет 
610 1 |a динамические характеристики 
610 1 |a одночервячные машины 
610 1 |a конический канал 
610 1 |a червяки 
610 1 |a переработка 
610 1 |a резиновые смеси 
610 1 |a временные характеристики 
610 1 |a напорная зона 
610 1 |a труды учёных ТПУ 
610 1 |a электронный ресурс 
700 1 |a Татарников  |b А. А.  |c доцент каф. автоматизации теплоэнергетических процессов (АТП) ТЭФ, ТПУ  |c кандидат технических наук  |f 1927-2009  |g Анатолий Алексеевич  |2 stltpush  |3 (RuTPU)RU\TPU\pers\25834 
701 1 |a Горбунов  |b Д. Б. 
801 1 |a RU  |b 63413507  |c 20090623  |g PSBO 
801 2 |a RU  |b 63413507  |c 20211029  |g PSBO 
856 4 |u http://www.lib.tpu.ru/fulltext/v/Bulletin_TPU/2006/v309/i5/29.pdf 
942 |c CF